| 000 | 00925nam a22003377a 4500 | ||
|---|---|---|---|
| 003 | IBSLLIB | ||
| 005 | 20260515075252.0 | ||
| 008 | 260511b |||||||| |||| 00| 0 eng d | ||
| 020 | _a0060412364 | ||
| 040 |
_aIBSLLIB _beng |
||
| 041 | _hEng | ||
| 082 |
_a332 _bGOL |
||
| 100 | _aGoldfeld , Stephen M. | ||
| 245 | _aThe Economics Of Money And Banking | ||
| 250 | _a8th ed. | ||
| 260 |
_aNew York : _bHapper & Row _c1981 |
||
| 300 |
_a628 p ; _c24 cm |
||
| 505 | _aThe nature and functions of money and finance | ||
| 505 | _aCommercial Banking | ||
| 505 | _aCentral banking | ||
| 505 | _aMonetary theory | ||
| 505 | _aMonetary policy in theory and practice | ||
| 505 | _aInternational monetary relations | ||
| 650 | _aSocial scince | ||
| 650 | _aEconomics | ||
| 653 | _aMoney | ||
| 653 | _aBanks and Banking | ||
| 653 | _aConsumption | ||
| 700 |
_aChandler , Lester V. _eCo-Author |
||
| 942 | _cLBK | ||
| 999 |
_c22103 _d22103 |
||